Score 0/53 Timer 07:00
0 Plays Today
% Correct
But I'm stronger
70.9%
But I'm richer
69.1%
But I'm on top
67.3%
I'm so much better
63.6%
But I'm chillin'
63.6%
But I'm livin'
63.6%
But I'm lastin'
61.8%
I'm gonna make it (What?)
61.8%
But it won't stop
58.2%
But I'm still here
58.2%
I laugh harder
56.4%
I'm gon work harder (What?)
56.4%
Keep on survivin' (What?)
54.5%
I'm still gon be here
52.7%
I'm gon work harder (What?)
52.7%
Sold 9 million
50.9%
I'm gon work harder (What?)
50.9%
I'm gonna make it (What?)
50.9%
Perfect vision
49.1%
I'm not gon give up (What?)
49.1%
I'm gonna make it (What?)
49.1%
I'm gonna make it (What?)
49.1%
Pray that you are blessed
47.3%
Keep on survivin' (What?)
45.5%
I'm a survivor (What?)
45.5%
Keep on survivin' (What?)
45.5%
Keep on survivin' (What?)
43.6%
% Correct
I'm not gon give up (What?)
43.6%
I'm gon work harder (What?)
43.6%
You know I'm not gon diss you on the internet
41.8%
I'm not gon give up (What?)
40%
I'm a survivor (What?)
40%
I'm inhaling
38.2%
I'm gon work harder (What?)
38.2%
I'm a survivor (What?)
38.2%
Soon comes happiness
38.2%
I'll gain prosperity
38.2%
But I'm smarter
36.4%
I'm not gon give up (What?)
36.4%
I'm gonna make it (What?)
34.5%
I'm not gon stop (What?)
30.9%
Now I'm wiser
29.1%
I'm gonna make it (What?)
29.1%
I'm not gon compromise my Christianity
29.1%
I'm not gon stop (What?)
29.1%
I'm not gon give up (What?)
27.3%
I'm not gon blast you on the radio
27.3%
I'm not gon lie on you and your family
27.3%
I will survive (What?)
25.5%
I'm not gon hate on you in the magazines
23.6%
Keep on survivin' (What?)
14.5%
I will survive (What?)
12.7%
Oh (oh) oh (oh)...
10.9%

You're not logged in!

Compare scores with friends on all Sporcle quizzes.
OR
Log In

Sporcle TV

Today on Sporcle TV


Watch our educational content, quiz creation guides, and fun videos on Sporcle TV.

Show Comments

Extras

Top Quizzes Today


Score Distribution

Paid Content

Your Account Isn't Verified!

In order to create a playlist on Sporcle, you need to verify the email address you used during registration. Go to your Sporcle Settings to finish the process.

Report this User

Report this user for behavior that violates our Community Guidelines.

Details: